Теория и проектирование систем автоматического управления и их элементов: межвузовский научный сборник

Bibliografiset tiedot
Yhteisötekijä: СССР Министерство высшего и среднего специального образования
Muut tekijät: Шаймарданов Ф. А. Фарагат Ахметович (редактор)
Kieli:venäjä
Julkaistu: Уфа, Изд-во Уфим. авиац. ин-т, 1985
Aiheet:
Aineistotyyppi: MixedMaterials Kirja
KOHA link:https://koha.lib.tpu.ru/cgi-bin/koha/opac-detail.pl?biblionumber=277471

MARC

LEADER 00000nam0a2200000 4500
001 277471
005 20231101235023.0
035 |a (RuTPU)RU\TPU\book\300745 
090 |a 277471 
100 |a 20141203d1985 k y0rusy5003 ca 
101 0 |a rus 
102 |a RU 
105 |a a z 001zy 
200 1 |a Теория и проектирование систем автоматического управления и их элементов  |e межвузовский научный сборник  |f СССР, Министерство высшего и среднего специального образования ; под ред. Ф. А. Шаймарданова 
210 |a Уфа  |c Изд-во Уфим. авиац. ин-т  |d 1985 
215 |a 183 с.  |c ил. 
320 |a Библиогр. в конце ст. 
606 1 |a Автоматические системы управления  |2 stltpush  |3 (RuTPU)RU\TPU\subj\813  |9 29619 
610 1 |a проектирование 
610 1 |a элементы 
610 1 |a измерительная информация 
610 1 |a получение 
610 1 |a преобразования 
610 1 |a обработка 
675 |a 681.51  |z rus  |v 4 
702 1 |a Шаймарданов  |b Ф. А.  |g Фарагат Ахметович  |4 340 
712 0 1 |a СССР  |b Министерство высшего и среднего специального образования  |c (1959-1988)  |2 stltpush  |3 (RuTPU)RU\TPU\col\13746  |9 25769 
801 0 |a RU  |b RuMRKP  |c 19960704  |g psbo 
801 1 |a RU  |b 63413507  |c 20141203 
801 2 |a RU  |b 63413507  |c 20171221  |g RCR 
942 |c BK